LEADER 01158nam0 2200301 450 001 000020472 005 20070927154022.0 010 $a3-540-66113-1 100 $a20070927d2000----km-y0itaa50------ba 101 0 $aeng 102 $aDE 200 1 $aContact, adhesion and rupture of elastic solids$ewith 186 figures$fD. Maugis 210 $aBerlin... [etc.]$cSpringer$dc2000 215 $a414 p.$cill.$d25 cm 225 2 $aSpringer Series in Solid-State Sciences$v130$x0171-1873 410 1$12001$aSpringer Series in Solid-State Sciences$v130$x0171-1873 606 1 $aSuperficie (Fisica) 676 $a530.417$v(21. ed.)$9Stati della materia. Fisica superficiale 700 1$aMaugis,$bDaniel$0443494 801 0$aIT$bUniversità della Basilicata - B.I.A.$gRICA$2unimarc 912 $a000020472 996 $aContact, adhesion and rupture of elastic solids$985981 997 $aUNIBAS BAS $aINGEGNERIA CAT $aSTD050$b01$c20070927$lBAS01$h1203 CAT $aTTM$b30$c20070927$lBAS01$h1540 FMT Z30 -1$lBAS01$LBAS01$mBOOK$1BASA2$APolo Tecnico-Scientifico$2DID$BDidattica$3PTS.s3.p35.24$6106056$5T106056$820070927$f98$FConsultazione LEADER 01987nam 22006374a 450 001 9910454795103321 005 20200520144314.0 010 $a1-84964-086-6 010 $a0-585-42557-4 035 $a(CKB)111056486518424 035 $a(OCoLC)133166885 035 $a(CaPaEBR)ebrary10015414 035 $a(SSID)ssj0000242728 035 $a(PQKBManifestationID)11200153 035 $a(PQKBTitleCode)TC0000242728 035 $a(PQKBWorkID)10320257 035 $a(PQKB)11582024 035 $a(MiAaPQ)EBC3386109 035 $a(Au-PeEL)EBL3386109 035 $a(CaPaEBR)ebr10015414 035 $a(OCoLC)923330633 035 $a(EXLCZ)99111056486518424 100 $a20000114d2000 uy 0 101 0 $aeng 135 $aurcn||||||||| 181 $ctxt 182 $cc 183 $acr 200 10$aSearching for peace$b[electronic resource] $ethe road to TRANSCEND /$fJohan Galtung and Carl G. Jacobsen ; with contributions by Kai Frithjof Brand-Jacobsen and Finn Tschudi 210 $aLondon ;$aSterling, Va. $cPluto Press in association with TRANSCEND$d2000 215 $a1 online resource (296 p.) 225 1 $aPeace by peaceful means 300 $aBibliographic Level Mode of Issuance: Monograph 311 $a0-7453-1613-1 311 $a0-7453-1614-X 320 $aIncludes bibliographical references and index. 410 0$aPeace by peaceful means. 606 $aPeace 606 $aConflict management 606 $aWar$vCase studies 608 $aElectronic books. 615 0$aPeace. 615 0$aConflict management. 615 0$aWar 676 $a327.1/72 700 $aGaltung$b Johan$047055 701 $aJacobsen$b C. G$g(Carl G.)$0902654 701 $aBrand-Jacobsen$b Kai Frithjof$0902655 701 $aTschudi$b Finn$0902656 801 0$bMiAaPQ 801 1$bMiAaPQ 801 2$bMiAaPQ 906 $aBOOK 912 $a9910454795103321 996 $aSearching for peace$92017844 997 $aUNINA LEADER 04504nam 2200745 a 450 001 9910790278703321 005 20230801222509.0 010 $a0-8147-8953-6 010 $a0-8147-2322-5 024 7 $a10.18574/9780814789537 035 $a(CKB)2670000000177912 035 $a(EBL)866061 035 $a(OCoLC)793193046 035 $a(SSID)ssj0000658486 035 $a(PQKBManifestationID)11401626 035 $a(PQKBTitleCode)TC0000658486 035 $a(PQKBWorkID)10690558 035 $a(PQKB)11778212 035 $a(StDuBDS)EDZ0000373909 035 $a(MiAaPQ)EBC866061 035 $a(OCoLC)793207866 035 $a(MdBmJHUP)muse19849 035 $a(DE-B1597)548519 035 $a(DE-B1597)9780814789537 035 $a(Au-PeEL)EBL866061 035 $a(CaPaEBR)ebr10555031 035 $a(EXLCZ)992670000000177912 100 $a20111101d2012 uy 0 101 0 $aeng 135 $aur|n|---||||| 181 $ctxt 182 $cc 183 $acr 200 10$aRun for the border$b[electronic resource] $evice and virtue in U.S.-Mexico border crossings /$fSteven W. Bender 210 $aNew York $cNew York University Press$d2012 215 $a1 online resource (235 p.) 225 1 $aCitizenship and migration in the Americas 300 $aDescription based upon print version of record. 311 $a0-8147-8952-8 320 $aIncludes bibliographical references and index. 327 $apt. 1. Running for the border to escape justice -- pt. 2. Economic motivations for southbound border runs -- pt. 3. Illicit motivations for southbound border runs -- pt. 4. Economic motivations for northbound border runs -- pt. 5. A framework for comprehensive border reform. 330 $aMexico and the United States exist in a symbiotic relationship: Mexico frequently provides the United States with cheap labor, illegal goods, and, for criminal offenders, a refuge from the law. In turn, the U.S. offers Mexican laborers the American dream: the possibility of a better livelihood through hard work. To supply each other?s demands, Americans and Mexicans have to cross their shared border from both sides. Despite this relationship, U.S. immigration reform debates tend to be security-focused and center on the idea of menacing Mexicans heading north to steal abundant American resources. Further, Congress tends to approach reform unilaterally, without engaging with Mexico or other feeder countries, and, disturbingly, without acknowledging problematic southern crossings that Americans routinely make into Mexico.In Run for the Border, Steven W. Bender offers a framework for a more comprehensive border policy through a historical analysis of border crossings, both Mexico to U.S. and U.S. to Mexico. In contrast to recent reform proposals, this book urges reform as the product of negotiation and implementation by cross-border accord; reform that honors the shared economic and cultural legacy of the U.S. and Mexico. Covering everything from the history of Anglo crossings into Mexico to escape law authorities, to vice tourism and retirement in Mexico, to today?s focus on Mexican border-crossing immigrants and drug traffickers, Bender takes lessons from the past 150 years to argue for more explicit and compassionate cross-border cooperation. Steeped in several disciplines, Run for the Border is a blend of historical, cultural, and legal perspectives, as well as those from literature and cinema, that reflect Bender?s cultural background and legal expertise. 410 0$aCitizenship and migration in the Americas. 606 $aEmigration and immigration law$zUnited States 606 $aFugitives from justice$zMexico 606 $aFugitives from justice$zUnited States 606 $aEmigration and immigration law$zMexico 606 $aBorder security$zMexican-American Border Region 607 $aMexican-American Border Region$xEmigration and immigration 607 $aUnited States$xForeign relations$zMexico 607 $aMexico$xForeign relations$zUnited States 615 0$aEmigration and immigration law 615 0$aFugitives from justice 615 0$aFugitives from justice 615 0$aEmigration and immigration law 615 0$aBorder security 676 $a325/.2720973 700 $aBender$b Steven$01140280 801 0$bMiAaPQ 801 1$bMiAaPQ 801 2$bMiAaPQ 906 $aBOOK 912 $a9910790278703321 996 $aRun for the border$93758073 997 $aUNINA